000 00420 a2200145 4500
999 _c10600
_d10600
020 _a9781483333281
050 _aJF37. POL 2014
100 _aLansford, Tom
_eeditor
245 _aPolitical Handbook of the World 2014 /
_cTom Lansford
264 _aLos Angeles:
_bSage.,
_c2014
300 _axi.,1835 pages
_b1 online resource
500 _aIncludes index
650 _a Political Science.
942 _2lcc
_cBK
_h37
_iPOL
_kJF